banner koha

O couro e seus problemas (Registro n. 287823)

MARC details
000 -LÍDER
campo de controle de tamanho fixo 00890nac a22002897a 4500
001 - NÚMERO DE CONTROLE
campo de controle BR9700658
003 - IDENTIFICADOR DO NÚMERO DE CONTROLE
campo de controle BR-BrBNA
005 - DATA E HORÁRIO DA ÚLTIMA TRANSAÇÃO
campo de controle 20240105121840.0
008 - CAMPO DE DADOS FIXOS--INFORMAÇÃO GERAL
campo de controle de tamanho fixo 230509b bl.|||m| |||| 00| 0 por d
040 ## - FONTE DA CATALOGAÇÃO
Instituição da catalogação original BR-BrBNA
Idioma da catalogação por
Instituição que transcreveu o registro Biblioteca Nacional de Agricultura
072 ## - CÓDIGO DE CATEGORIA DE ASSUNTO
Código de Categoria de Assunto Q60
090 ## - NÚMERO DE CHAMADA LOCAL
Número de chamada 8968 BR9700658
100 1# - ENTRADA PRINCIPAL--NOME PESSOAL
Nome pessoal Horn, S.C.
110 1# - ENTRADA PRINCIPAL--NOME CORPORATIVO
Nome corporativo ou nome da jurisdição Secretaria Nacional de Defesa Agropecuaria, Brasilia, DF (Brasil). Secretaria de Defesa Sanitaria Animal
9 (RLIN) 9192
245 1# - TÍTULO
Título O couro e seus problemas
250 1# - EDIÇÃO
Edição 1. ed.
260 3# - PUBLICAÇÃO, DISTRIBUIÇÃO, ETC.
Local de publicação, distribuição, etc. Brasilia, DF (Brasil):
Data da publicação, distribuição, etc. 1971.
300 ## - DESCRIÇÃO FÍSICA
Extensão 40 p.
490 ## - TÍTULO DA SÉRIE
Título da série Boletim de Defesa Sanitaria Animal (Brazil)
Número do volume ou designação sequencial da série (Special Number)
ISSN - International Standard Serial Number
500 ## - NOTA GERAL
Nota geral 31 tables; 36 ref.
650 ## - ASSUNTO--TERMO TÓPICO
Cabeçalho tópico ou nome geográfico Couro
650 ## - ASSUNTO--TERMO TÓPICO
Cabeçalho tópico ou nome geográfico Industrializacao
650 ## - ASSUNTO--TERMO TÓPICO
Cabeçalho tópico ou nome geográfico Curtume
650 ## - ASSUNTO--TERMO TÓPICO
Cabeçalho tópico ou nome geográfico Materia Prima
909 ## -
-- 202312
-- Lúcia Elande
-- 55
-- Lúcia Elande
942 ## - ELEMENTOS DE ENTRADA ADICIONADOS (KOHA)
Fonte da classificação ou esquema de arquivamento na estante Classificação AGRIS
Ocultar no OPAC Não
Tipo de material Koha Monografia Seriada
Exemplares
Situação do descarte Fonte da classificação ou esquema de arquivamento na estante Situação física Não pode ser emprestado Coleção Biblioteca de origem Biblioteca atual Localização na estante Total de empréstimos Número de telefone completo Código de barras Data de último acesso Tipo de material Koha Fonte de aquisição
  Classificação AGRIS       Biblioteca Nacional de Agricultura - Binagri Biblioteca Nacional de Agricultura - Binagri Agrobase - Acervo Geral   8968 BR9700658 8968 BR9700658 18/12/2023 Monografia Seriada Portaria Interministerial nº 164/94

BINAGRI

Telefone: (61)3218-2567/2388/3357/2097 - binagri@agro.gov.br

Ministério da Agricultura e Pecuária , Esplanada dos Ministérios, Bloco D, Anexo B, Brasília/DF, CEP: 70.043-900